All the Geography I know by Country-Germany - Statistics

General Stats
  • This quiz has been taken 47 times
  • The average score is 15 of 19
Answer Stats
Hint Starting Letter Answer % Correct
Capital of Germany B Berlin
100%
Capital of West Germany B Bonn
98%
Financial capital of Germany F Frankfurt
98%
City in Germany M Munich
98%
City/State of Germany H Hamburg
95%
City in Germany D Dusseldorf
93%
River in Germany R Rhine
91%
City in Germany E Essen
89%
City in Germany S Stuttgart
86%
City in Germany D Dresden
84%
City in Germany H Hanover
82%
City in Germany C Cologne
80%
City/State of Germany B Bremen
77%
City in Germany D Dortmund
68%
City in Germany M Mannheim
59%
City in Germany A Augsburg
57%
Region of Germany T Thuringia
50%
City in Germany E Erfurt
34%
City in Germany B Bremerhaven
25%
No matching quizzes found
Score Distribution
Percent of People with Each Score
Percentile by Number Answered
Your Score History
You have not taken this quiz